00769nam a2200193 a 450000100100000000500170001000800410002704000250006808200150009324500670010825000120017526000350018730000210022270000420024371000410028595201130032695201190043999900170055800004523720201002050007.0150212s1988 dr 000 0 spa d aDO-SdBNPbspacBNPHU axxxxbxxxx00aCantemos al Señor. /crecopilación Samia María Abkarian. a4a. ed. aSanto Domingo :bITESA,c1988. a166 p. ;c21 cm.1 aAbkarian, Samia María,erec.9732591 aInstituto Técnico Salesiano917768 0010718PDaPDbPDcHDd2015-02-12iLF1l0oxxxx xxxxp45237-10r2020-06-25w2020-06-25yLFPDZNo se presta 0010718PDaPDbPDcHDd2018-10-12iLF1l0oxxxx xxxxp45237-20r2020-06-25te. 2w2020-06-25yLFPDZNo se presta c44726d44726